<?xml version="1.0" encoding="UTF-8"?>
<collection xmlns="http://www.loc.gov/MARC21/slim">
<record>
  <controlfield tag="001">110306</controlfield>
  <controlfield tag="005">20220210105301.0</controlfield>
  <datafield tag="037" ind1=" " ind2=" ">
    <subfield code="a">TAZ-TFG-2021-3080</subfield>
  </datafield>
  <datafield tag="041" ind1=" " ind2=" ">
    <subfield code="a">spa</subfield>
  </datafield>
  <datafield tag="100" ind1="1" ind2=" ">
    <subfield code="a">GARCÍA CUBERO, ANDREA</subfield>
  </datafield>
  <datafield tag="242" ind1="0" ind2="0">
    <subfield code="a">MICROFLUIDIC DEVELOPMENTS AS TECHNIQUE FOR THE IMPLEMENTATION OF FAST METHODS IN QUALITY CONTROL OF AMINES</subfield>
  </datafield>
  <datafield tag="245" ind1="0" ind2="0">
    <subfield code="a">DESARROLLOS EN MICROFLUÍDICA COMO TÉCNICA PARA LA IMPLEMENTACIÓN DE MÉTODOS RÁPIDOS EN EL CONTROL DE CALIDAD DE AMINAS</subfield>
  </datafield>
  <datafield tag="260" ind1=" " ind2=" ">
    <subfield code="a">Zaragoza</subfield>
    <subfield code="b">Universidad de Zaragoza</subfield>
    <subfield code="c">2021</subfield>
  </datafield>
  <datafield tag="506" ind1=" " ind2=" ">
    <subfield code="a">by-nc-sa</subfield>
    <subfield code="b">Creative Commons</subfield>
    <subfield code="c">3.0</subfield>
    <subfield code="u">http://creativecommons.org/licenses/by-nc-sa/3.0/</subfield>
  </datafield>
  <datafield tag="520" ind1=" " ind2=" ">
    <subfield code="a">Se ha trabajado en la determinación analítica de aminas biógenas, ABs -tiramina como modelo- mediante reacción colorimétrica con nanopartículas de Au y sobre soporte de microfluidica en papel. La medida de color se lleva a cabo por la técnica ‘Digital Image Colorimetry, DIC’, con cámaras digitales-Smartphone para obtener colores básicos RGB y su posterior relación con la concentración. Ha sido orientado a su aplicación en el control rápido de alimentos. &lt;br />La técnica de microfluidica en papel ha requerido el estudio de distintos papeles cromatográficos, sus características de flujo y detección; así como consideraciones prácticas en la preparación de los chips-soportes de reacción. Tras su estudio, se ha considerado que los chips de papel Whatman grado 4 con forma de discos circulares de diámetro 8 mm preparados mediante corte con molde metálico han sido los que mejores resultados nos podían proporcionar en nuestra reacción.&lt;br />En un primer lugar, se han realizan experimentos con el formaldehído para caracterizar los factores que influyen en el proceso y se ha visto su aplicación en la determinación del formaldehído en agua.&lt;br />En la determinación de la tiramina en microfluidica en papel los mejores resultados se han obtenido con iluminación White y el canal red. Se ha realizado un diseño factorial, DOE, para saber cuáles son las condiciones óptimas: 30 mM Au, 25 ud/ml enzima y 1 M NaOH. Obtenemos un rango lineal menor que para el formaldehido y mayor sensibilidad. Se ha visto su aplicación en la determinación de la tiramina en vino blanco, donde se pueden apreciar dificultades debidas al efecto matriz.&lt;br />&lt;br /></subfield>
  </datafield>
  <datafield tag="521" ind1=" " ind2=" ">
    <subfield code="a">Graduado en Química</subfield>
  </datafield>
  <datafield tag="540" ind1=" " ind2=" ">
    <subfield code="a">Derechos regulados por licencia Creative Commons</subfield>
  </datafield>
  <datafield tag="700" ind1=" " ind2=" ">
    <subfield code="a">LÓPEZ MOLINERO, ÁNGEL</subfield>
    <subfield code="e">dir.</subfield>
  </datafield>
  <datafield tag="710" ind1="2" ind2=" ">
    <subfield code="a">Universidad de Zaragoza</subfield>
    <subfield code="b">Química Analítica</subfield>
    <subfield code="c">Química Analítica</subfield>
  </datafield>
  <datafield tag="856" ind1="0" ind2=" ">
    <subfield code="f">738988@unizar.es</subfield>
  </datafield>
  <datafield tag="856" ind1="4" ind2=" ">
    <subfield code="s">1479467</subfield>
    <subfield code="u">http://zaguan.unizar.es/record/110306/files/TAZ-TFG-2021-3080.pdf</subfield>
    <subfield code="y">Memoria (spa)</subfield>
  </datafield>
  <datafield tag="856" ind1="4" ind2=" ">
    <subfield code="s">390995</subfield>
    <subfield code="u">http://zaguan.unizar.es/record/110306/files/TAZ-TFG-2021-3080_ANE.pdf</subfield>
    <subfield code="y">Anexos (spa)</subfield>
  </datafield>
  <datafield tag="909" ind1="C" ind2="O">
    <subfield code="o">oai:zaguan.unizar.es:110306</subfield>
    <subfield code="p">driver</subfield>
    <subfield code="p">trabajos-fin-grado</subfield>
  </datafield>
  <datafield tag="950" ind1=" " ind2=" ">
    <subfield code="a"></subfield>
  </datafield>
  <datafield tag="980" ind1=" " ind2=" ">
    <subfield code="a">TAZ</subfield>
    <subfield code="b">TFG</subfield>
    <subfield code="c">CIEN</subfield>
  </datafield>
  <datafield tag="999" ind1=" " ind2=" ">
    <subfield code="a">20210628132436.CREATION_DATE</subfield>
  </datafield>
  <datafield tag="951" ind1=" " ind2=" ">
    <subfield code="a">deposita:2022-02-10</subfield>
  </datafield>
</record>
</collection>